000 02084nam a22002897a 4500
999 _c58648
_d58648
003 Ge_BSU
005 20220621134458.0
008 220621b xxu||||| |||| 00| 0 geo d
020 _a9789941800252
041 _ageo
080 _a612(075.8) ა-26
245 _aადამიანის ფიზიოლოგია :
_b სახელმძღვანელო უმაღლესი სამედ. სასწავლებლის სტუდენტებისათვის /
_c შედგენაში მონაწილეობდნენ: გურამ სანადირაძე, ნაილი ჩიხორია, ლაურა ცხადაძე [და სხვ.] ; ირინე კვაჭაძის რედაქციით ; თბილისის სახელმწ. სამედ. უნ-ტი.
250 _a(მე-5 გამოცემა.)
264 _aთბილისი :
_b საუნჯე,
_c2018.
300 _a522 გვ. :
_bსურ. ;
_c28 სმ.
500 _aწიგნი გამოცემულია ფარმაცევტული კომპანიის ""Pharmakinesis" ფინანსური დახმარებით.
504 _aბიბლიოგრ.: გვ. 521.
653 _aადამიანის ფიზიოლოგია
700 _aსანადირაძე, გურამ
_eშემდგენელი
_96800
700 _aჩიხორია, ნაილი
_e შემდგენელი
_914188
700 _aცხადაძე, ლაურა
_eშემდგენელი
_914189
700 _aმჟავანაძე, დარეჯან
_eშემდგენელი
_96801
700 _aჭიჭინაძე, გიორგი
_eშემდგენელი
_96802
700 _aდუმბაძე, ზაზა
_eშემდგენელი
_96803
700 _aკვაჭაძე, ირინე
_eრედაქტორი
_96804
942 _2udc
_cBK